La vida en un mundo en revolución: mi encuentro con la Historia

Saved in:
Bibliographic Details
Main Author: Kohn, Hans (Author)
Format: Book
Language:Spanish
Published: Ciudad de México Herrero Hermanos S. A 1965
Edition:1a. ed
Series:Colección Credo
Subjects:
Tags: Add Tag
No Tags, Be the first to tag this record!

MARC

LEADER 00000cam a2200000 a 4500
001 UCD2912
003 CL-VaPUC
008 160520e19650000mx |||||||||||||||||spa|d
082 0 4 |a 814  |b KOH  |2 21 
100 |a Kohn, Hans  |e author  |9 586314 
245 1 3 |a La vida en un mundo en revolución: mi encuentro con la Historia 
250 |a 1a. ed 
300 |a 223 p 
942 |c BK 
945 |d 20160520 11:34:00  |a dcastane 
260 |a Ciudad de México  |b Herrero Hermanos S. A  |c 1965 
650 0 |a Ensayos estadounidenses  |9 268384 
650 7 |a ENSAYOS HISTORICOS  |2 CL-VaPUC  |9 315150 
583 |a last modification  |c 20160520 11:34:00  |k Rodrigo Vera 
490 0 |a Colección Credo 
999 |c 364021  |d 364019 
952 |0 0  |1 0  |3 erd  |4 0  |6 814_000000000000000_KOH_1965  |7 0  |8 A  |9 476930  |a FDOHBE  |b FDOHBE  |e Huesbe Llanos, Marco Antonio, 1934-  |i 530489K  |o 814 KOH 1965  |p 530489K  |r 2024-01-30  |w 2019-11-24  |y BK  |z Catalogado en:20160520  |k HBE